00780cam a2200181 a 450000100100000000500170001000800410002704000250006808200170009310000340011024501710014426000350031530000280035060000470037870000380042595201200046399900150058300000288320200929150258.0780404s1946 ag a 000 0 spa c aDO-SdBNPbspacBNPHU a861.5bL579g1 aLeón, María Teresa.9916113aEl gran amor de Gustavo Adolfo Becquer :b(una vida pobre y apasionada) /cMaría Teresa León ; con las rimas del poeta, un poema y un epílogo de Rafael Alberti. aBuenos Aires :bLosada,c1946. a271 p. :bil. ;c23 cm.10aBecquer, Gustavo Adolfo,d1836-1870.991621 aAlberti, Rafael,d1902-199999163 001052708MOaGRbGRcCTd2009-07-04iLF1l0o861.5 L579gp2883-10r2020-06-25w2020-06-25y2ZPréstamo interno c2717d2717